000 00738nam a2200253 i 4500
001 100299
003 ES-MaACL
005 20250331063059.0
007 t|
008 050926s1975 sp ||||1| spa d
020 _a84-253-0544-6
100 1 _aMarx, Karl,
_d1818-1883
_978590
245 1 0 _aMarxismo y terrorismo /
_cC. Marx, F. Engels, V.I. Lenin.
260 _aBarcelona :
_bGrijalbo,
_c1975.
300 _a155 p. ;
_c19 cm.
490 1 _aColección 70 ;
_v87
650 0 0 _aMarxismo.
_914803
650 0 0 _aTerrorismo.
_917488
700 1 _aEngels, Friedrich.
_947225
700 1 _aLenin, Vladimir Il'ich,
_d1870-1924
_971523
830 1 _aColección 70 ;
_v87
_9182684
852 _aES-MaACL
_jE-8666
999 _c100299
_d100299